Statistics for Batman Forever Characters Quiz

Click here to take the quiz!

General Stats

  • This quiz has been taken 27 times
  • The average score is 8 of 13

Answer Stats

Actor/ActressDescriptionCharacter% Correct
Val KilmerA rich man by day and a crime-fighter by nightBruce Wayne / Batman
100%
Chris O'DonnellA boy who's parents and brother were murdered at a circus event and is taken in by Bruce Wayne and eventually becoming his crime-fighting sidekickDick Grayson / Robin
100%
Tommy Lee JonesA man who was the district attorney of Gotham City until his face was scarred by acid and now flips a coin to determine whether he kills or notHarvey Dent / Two-Face
96%
Jim CarreyA former Wayne Enterprises employee who leaves puzzles and riddles at his crime scenesEdward Nygma / The Riddler
96%
Michael GoughThe Wayne family's faithful butler and Bruce's confidantAlfred Pennyworth
96%
Pat HingleThe police commissioner of Gotham CityCommissioner Gordon
88%
Nicole KidmanA psychologist and love interest of Bruce WayneDr. Chase Meridian
54%
Drew BarrymoreTwo-Face's "good" assistantSugar
46%
Debi MazarTwo-Face's "bad" assistantSpice
42%
René AuberjonoisThe head Doctor of Arkham AsylumDr. Burton
17%
Ed Begley, Jr.Edward Nygma's ill-tempered supervisor at Wayne EnterprisesFred Stickley
17%
Elizabeth SandersGotham's top gossip columnistGossip Gerty
8%
Joe GrifasiThe bank guardHawkins
0%

Score Distribution

Percentile by Number Answered

Percent of People with Each Score

Your Score History

You have not taken this quiz